| 000 | 00953nam a2200193 i 4500 | ||
|---|---|---|---|
| 001 | 160729 | ||
| 003 | ES-MaACL | ||
| 005 | 20250604062547.0 | ||
| 008 | 980129m18951897sp a |||| | spa d | ||
| 040 |
_aNA _bspa _cNA |
||
| 100 | 1 |
_aNogués, Emilio J.M. _9130514 |
|
| 245 | 1 | 0 |
_aHistoria crítica de la Restauración Borbónica en España _b: (veinticinco años de historia contemporánea) / _cpor Emilio J. M. Nogués ; continuación de la historia de la revolución española por Vicente Blasco Ibañez. |
| 260 |
_aBarcelona : _bLa Enciclopedia Democrática, casa editorial de Román Gil, _c1895-1897 ( _fEstablecimiento tipográfico de B. Baseda) |
||
| 300 |
_a3 v.(1238 p., [13] h. de lám. ; 1011 p., [6] h. de lám. ; 1174 p., [15] h. de lám.) ; _c28 cm. |
||
| 596 | _aMarca tip. en v. de antep. en los 3 tomos. | ||
| 651 | 7 |
_aEspaña- _xHistoria- _yS.XIX _2 _9142005 |
|
| 852 |
_aES-MaACL _jG-3321-23 _z-- Enc. hol. |
||
| 999 |
_c160729 _d160729 |
||